Barack Obama Spelling Quiz - Statistics

General Stats
  • This quiz has been taken 125 times
  • The average score is 14 of 18
Answer Stats
Letter Hint Answer % Correct
K His father came from this African Country Kenya
98%
B Vice President under his administration (last name) Biden
97%
H State where he was born Hawaii
97%
B His predecessor (last name) Bush
95%
S He was United States...from Illinois 2005-2008 Senator
93%
A He didn't stop the war in this country Afghanistan
92%
I He stopped the war which was going on in this country Iraq
91%
O Other name for the Patient Protection and Affordable Care Act Obamacare
90%
E He shows commitment for Renewable... Energy
88%
A He is the first...President of the United States African American
87%
A First name of the German Chancellor he often visits Angela
80%
R His opponent in the 2012 election (last name) Romney
79%
C Secretary of State 2009-2013 (Last Name) Clinton
78%
M His opponent in the 2008 election (last name) McCain
77%
N He'd like to have a world without those Weapons Nuclear Weapons
71%
A Terror Organisation he fought against Al-Qaida
54%
S City where he announced that he will canditate for the Presidental Election Springfield
30%
U Church he joined in 1985 United Church of Christ
6%
No matching quizzes found
Score Distribution
Percent of People with Each Score
Percentile by Number Answered
Your Score History
You have not taken this quiz